[Event "BCF-chT4S 1920 (4NCL)"]
[Site "England"]
[Date "2020.01.11"]
[Round "3.23"]
[White "Sandhu, Manvith"]
[Black "Hussain, Adam"]
[Result "0-1"]
[WhiteElo "1832"]
[BlackElo "1885"]
[PlyCount "124"]
[EventDate "2019.11.09"]
[EventType "team-swiss"]
[EventRounds "11"]
[EventCountry "ENG"]
[SourceTitle "EXT 2022"]
[Source "ChessBase"]
[SourceDate "2021.10.06"]
[SourceVersion "1"]
[SourceVersionDate "2021.10.06"]
[SourceQuality "1"]
[WhiteTeam "Warwicks Select II"]
[BlackTeam "Wood Green Youth"]
[WhiteTeamCountry "ENG"]
[BlackTeamCountry "ENG"]

1. e4 e6 2. d4 d5 3. Bd3 dxe4 4. Bxe4 Nf6 5. Bf3 c5 6. Ne2 Nc6 7. Be3 Be7 8. 0-0 0-0 9. dxc5 Qc7 10. c3 Ne5 11. Ng3 Nxf3+ 12. Qxf3 Bd7 13. Nd2 Bc6 14. Qe2 Nd5 15. Nb3 Nxe3 16. Qxe3 Bd5 17. Ne4 h6 18. Rfe1 a5 19. Nd6 a4 20. Nd2 b6 21. c4 Bc6 22. N2e4 bxc5 23. Nb5 Bxb5 24. cxb5 Rfb8 25. Nc3 Bf6 26. Rab1 Ra5 27. Qd3 c4 28. Qc2 a3 29. bxa3 Rxa3 30. Ne4 Be5 31. Ng3 Bxg3 32. hxg3 Qc5 33. b6 Rxg3 34. Re4 c3 35. Kf1 Rg6 36. Re3 Rxb6 37. Rxb6 Qxb6 38. Rxc3 Qb7 39. f3 Qb5+ 40. Qd3 Qg5 41. Qc2 Qh4 42. Qf2 Qf4 43. Qe3 Qa4 44. Qd2 Qa6+ 45. Kg1 Qb6+ 46. Kf1 h5 47. Rb3 Qc7 48. Rb4 e5 49. Rb2 e4 50. Rb3 Qe5 51. fxe4 Qa1+ 52. Kf2 Qh1 53. Rg3 Qh4 54. Qe3 Qf6+ 55. Qf3 Qb2+ 56. Kg1 Rf6 57. Qc3 Qb6+ 58. Kh2 h4 59. Qc8+ Kh7 60. Qh3 Qd6 61. Kg1 Qxg3 62. Qd7 Rf2 0-1

[Event "BCF-chT4S 1920 (4NCL)"]
[Site "England"]
[Date "2019.11.10"]
[Round "2.54"]
[White "Townsend, John"]
[Black "Hussain, Adam"]
[Result "0-1"]
[WhiteElo "1937"]
[BlackElo "1885"]
[PlyCount "92"]
[EventDate "2019.11.09"]
[EventType "team-swiss"]
[EventRounds "11"]
[EventCountry "ENG"]
[SourceTitle "EXT 2022"]
[Source "ChessBase"]
[SourceDate "2021.10.06"]
[SourceVersion "1"]
[SourceVersionDate "2021.10.06"]
[SourceQuality "1"]
[WhiteTeam "Ashfield II"]
[BlackTeam "Wood Green Youth"]
[WhiteTeamCountry "ENG"]
[BlackTeamCountry "ENG"]

1. e4 e6 2. d4 d5 3. Nc3 Bb4 4. e5 Ne7 5. Nf3 b6 6. Bd3 Ba6 7. Bxa6 Nxa6 8. Qe2 Qc8 9. 0-0 Bxc3 10. bxc3 0-0 11. Ba3 c5 12. c4 Rd8 13. cxd5 Nxd5 14. dxc5 Nxc5 15. Qc4 Qc7 16. Rfe1 Rac8 17. Rad1 a6 18. Rd4 b5 19. Qe2 Na4 20. c4 bxc4 21. Bd6 Qc6 22. Rh4 h6 23. Qc2 a5 24. Ng5 g6 25. Rxh6 Nf4 26. Re4 Rxd6 27. exd6 Qxd6 28. Rxf4 Qxf4 29. Rxg6+ Kf8 30. Nxe6+ fxe6 31. Rxe6 c3 32. g3 Qf7 33. Re4 Rc4 34. Rxc4 Qxc4 35. Qf5+ Ke7 36. Qh7+ Kd6 37. Qh6+ Kc7 38. Qg7+ Kb6 39. Qg6+ Kb5 40. Qc2 Nc5 41. h4 Qd4 42. Qb1+ Kc4 43. h5 Qd3 44. Qb8 Qd1+ 45. Kg2 c2 46. Qf4+ Qd4 0-1

[Event "Gibraltar U16 op"]
[Site "Caleta"]
[Date "2019.08.18"]
[Round "5"]
[White "Dharmasena, Gavith"]
[Black "Hussain, Adam"]
[Result "1/2-1/2"]
[WhiteElo "1585"]
[BlackElo "1515"]
[PlyCount "124"]
[EventDate "2019.08.16"]
[EventType "swiss"]
[EventRounds "6"]
[EventCountry "GGB"]
[SourceTitle "CBM 195 Extra"]
[Source "ChessBase"]
[SourceDate "2020.05.31"]
[SourceVersion "1"]
[SourceVersionDate "2020.05.31"]
[SourceQuality "1"]

1. e4 e6 2. d4 d5 3. exd5 exd5 4. c4 Nf6 5. Bd3 Be7 6. Ne2 0-0 7. Nbc3 c6 8. h3 Nbd7 9. 0-0 dxc4 10. Bxc4 Nb6 11. Bd3 Nbd5 12. Nf4 Nxf4 13. Bxf4 Be6 14. Re1 Re8 15. Be5 Qd7 16. Qf3 Bd5 17. Nxd5 Qxd5 18. Qg3 Rad8 19. Rad1 Bd6 20. Qh4 Qe6 21. Re3 h6 22. Rg3 Bxe5 23. dxe5 Nd7 24. f4 Nc5 25. Bh7+ Kxh7 26. Rxd8 Rxd8 27. Qxd8 Qf5 28. Qd4 b6 29. b4 Ne6 30. Qd3 Qxd3 31. Rxd3 Nxf4 32. Rd7 Kg6 33. a3 Ne6 34. Rxa7 c5 35. Rb7 Kf5 36. Rxf7+ Kxe5 37. bxc5 bxc5 38. a4 c4 39. a5 c3 40. a6 c2 41. Rf1 Nc7 42. Rc1 Nxa6 43. Rxc2 Nb4 44. Rf2 Ke6 45. Rf3 Nd5 46. Kf2 Nf6 47. Kg3 Ne4+ 48. Kf4 Ng5 49. Ra3 Kf6 50. Ra6+ Ne6+ 51. Kg4 g6 52. h4 Ke5 53. g3 Kf6 54. h5 g5 55. Kf3 Ke5 56. Ra5+ Kf6 57. Ke4 Nc7 58. Ra7 Nb5 59. Rh7 Nd6+ 60. Kd5 Nf5 61. Kc6 Nxg3 62. Rxh6+ Ke5 1/2-1/2

[Event "EU-ch U12 28th"]
[Site "Riga"]
[Date "2018.08.24"]
[Round "5"]
[White "Jonins, Dmitrijs"]
[Black "Hussain, Adam"]
[Result "0-1"]
[WhiteElo "1292"]
[BlackElo "1557"]
[PlyCount "67"]
[EventDate "2018.08.20"]
[EventType "swiss"]
[EventRounds "9"]
[EventCountry "LAT"]
[SourceTitle "CBM 186 Extra"]
[Source "ChessBase"]
[SourceDate "2018.08.24"]
[SourceVersion "1"]
[SourceVersionDate "2018.08.24"]
[SourceQuality "1"]

1. e4 e6 2. d4 d5 3. exd5 exd5 4. Bd3 Bd6 5. h3 Ne7 6. Nf3 Bf5 7. 0-0 0-0 8. Be3 c6 9. c3 Nd7 10. Qc2 Bxd3 11. Qxd3 Ng6 12. Nbd2 h6 13. Qc2 Qf6 14. Nh2 Bc7 15. Ndf3 Rae8 16. Rfe1 Re7 17. Bd2 Rfe8 18. Rxe7 Rxe7 19. Re1 Rxe1+ 20. Bxe1 Qe6 21. Bd2 Nf6 22. Be3 Ne4 23. Nd2 f5 24. Nxe4 dxe4 25. Qb3 Qxb3 26. axb3 Nf8 27. g3 Ne6 28. c4 Kf7 29. Kg2 g5 30. f3 f4 31. gxf4 gxf4 32. Bc1 e3 33. Ng4 h5 34. Nh2 0-1

[Event "BCF-ch U11"]
[Site "Llandudno"]
[Date "2017.07.29"]
[Round "4"]
[White "Khan, Samir"]
[Black "Hussain, Adam"]
[Result "0-1"]
[WhiteElo "104"]
[BlackElo "137"]
[PlyCount "166"]
[EventDate "2017.07.28"]
[EventType "swiss"]
[EventRounds "7"]
[EventCountry "WLS"]
[SourceTitle "CBM 179 Extra"]
[Source "ChessBase"]
[SourceDate "2017.08.23"]
[SourceVersion "1"]
[SourceVersionDate "2017.08.23"]
[SourceQuality "1"]

1. e4 e6 2. d3 d5 3. Nd2 c5 4. Ngf3 Nc6 5. g3 Nge7 6. Bg2 g6 7. 0-0 Bg7 8. Re1 0-0 9. Rb1 b6 10. Nf1 Bb7 11. h4 Nb8 12. e5 Nec6 13. N1h2 Nd7 14. Bf4 Qc7 15. Qe2 Ba6 16. Rbd1 c4 17. d4 Qb7 18. c3 b5 19. a3 Qc7 20. Qd2 Rfb8 21. Bh6 Bh8 22. h5 Nb6 23. hxg6 fxg6 24. Bh3 Re8 25. Ng5 Bc8 26. Ng4 Nd7 27. Qf4 Re7 28. Qf3 Nd8 29. Nf6+ Nxf6 30. exf6 Re8 31. Qxd5 Bxf6 32. Nxe6 Bxe6 33. Bxe6+ Nxe6 34. Rxe6 Rxe6 35. Qxa8+ Qd8 36. Qxd8+ Bxd8 37. d5 Rd6 38. Bf4 Rd7 39. Kg2 Kf7 40. Kh3 Be7 41. Kg4 h5+ 42. Kf3 Kf6 43. Ke4 g5 44. Be5+ Kg6 45. Rb1 Bc5 46. f3 Re7 47. f4 Bd6 48. Kd4 Bxe5+ 49. fxe5 Kf5 50. d6 Re8 51. Kc5 Rxe5+ 52. Kc6 Re6 53. Kc7 Kg4 54. d7 Re7 55. Kd6 Rxd7+ 56. Kxd7 Kxg3 57. Kc6 h4 58. Rg1+ Kf4 59. Kxb5 g4 60. Kxc4 h3 61. Kd3 Kf3 62. c4 h2 63. Rh1 Kg2 64. Rxh2+ Kxh2 65. c5 g3 66. c6 g2 67. c7 g1Q 68. c8Q Qd1+ 69. Ke4 Qe2+ 70. Kf4 Qf2+ 71. Kg5 Qe3+ 72. Kh4 Qh6+ 73. Kg4 Qh3+ 74. Kf4 Qxc8 75. Ke4 Qd8 76. b4 Kg3 77. Ke5 Kg4 78. a4 Qe7+ 79. Kd5 Kf5 80. Kc6 Ke5 81. a5 Qd6+ 82. Kb7 Qd7+ 83. Ka6 Kd5 0-1

[Event "BCF-ch U11"]
[Site "Llandudno"]
[Date "2017.07.29"]
[Round "6"]
[White "Ray, Hiya"]
[Black "Hussain, Adam"]
[Result "1-0"]
[WhiteElo "125"]
[BlackElo "137"]
[PlyCount "69"]
[EventDate "2017.07.28"]
[EventType "swiss"]
[EventRounds "7"]
[EventCountry "WLS"]
[SourceTitle "CBM 179 Extra"]
[Source "ChessBase"]
[SourceDate "2017.08.23"]
[SourceVersion "1"]
[SourceVersionDate "2017.08.23"]
[SourceQuality "1"]

1. d4 e6 2. c4 b6 3. Nf3 Bb7 4. g3 f5 5. Bg2 Bb4+ 6. Nbd2 Nf6 7. 0-0 0-0 8. Qc2 Bxd2 9. Bxd2 d6 10. Bc3 Ne4 11. Nd2 d5 12. Nxe4 fxe4 13. f3 exf3 14. Bxf3 Nc6 15. Bg4 Qe7 16. b3 Rae8 17. e4 dxe4 18. Qxe4 Nd8 19. Qe2 c5 20. Rae1 Rxf1+ 21. Rxf1 cxd4 22. Bxd4 e5 23. Re1 Nc6 24. Bb2 Qc5+ 25. Qe3 Qe7 26. Bf3 Qc7 27. Bd5+ Kh8 28. Qf3 Na5 29. Bxe5 Qc5+ 30. Qf2 Qb4 31. Bxg7+ Kxg7 32. Qf7+ Kh6 33. Qf6+ Kh5 34. Bf7+ Kg4 35. Qf4+ 1-0

[Event "BCF-ch Week2 PM op"]
[Site "Bournemouth"]
[Date "2016.08.02"]
[Round "2"]
[White "Metcalfe, Charlie P"]
[Black "Hussain, Adam"]
[Result "1/2-1/2"]
[WhiteElo "1511"]
[BlackElo "1675"]
[PlyCount "42"]
[EventDate "2016.08.01"]
[EventType "swiss"]
[EventRounds "5"]
[EventCountry "ENG"]
[SourceTitle "CBM 173 Extra"]
[Source "ChessBase"]
[SourceDate "2016.08.29"]
[SourceVersion "1"]
[SourceVersionDate "2016.08.29"]
[SourceQuality "1"]

1. d4 e6 2. Nf3 Nf6 3. c4 d5 4. Nc3 Be7 5. Bg5 0-0 6. e3 Nbd7 7. cxd5 exd5 8. Bd3 b6 9. 0-0 Bb7 10. Qe2 a6 11. Rac1 h6 12. Bh4 Re8 13. Rfd1 Ne4 14. Bxe7 Qxe7 15. Bxe4 dxe4 16. Nd2 Nf6 17. Nf1 Bc8 18. h3 Bb7 19. Ng3 Qd7 20. Qc2 Rac8 21. Qe2 Qe6 1/2-1/2

[Event "BCF-ch U10"]
[Site "Bournemouth"]
[Date "2016.07.28"]
[Round "5"]
[White "Hussain, Adam"]
[Black "Royal, Shreyas"]
[Result "0-1"]
[WhiteElo "130"]
[BlackElo "1327"]
[PlyCount "128"]
[EventDate "2016.07.26"]
[EventType "swiss"]
[EventRounds "7"]
[EventCountry "ENG"]
[SourceTitle "CBM 173 Extra"]
[Source "ChessBase"]
[SourceDate "2016.08.29"]
[SourceVersion "1"]
[SourceVersionDate "2016.08.29"]
[SourceQuality "1"]

1. e4 c5 2. Nf3 Nc6 3. Nc3 e6 4. d4 cxd4 5. Nxd4 Nf6 6. g3 Bb4 7. Qd3 Ne5 8. Qe2 0-0 9. Bg2 Bxc3+ 10. bxc3 Qc7 11. Bd2 Qc4 12. 0-0 Qxe2 13. Nxe2 Re8 14. Be3 d5 15. Bd4 Ng6 16. Bxf6 gxf6 17. exd5 exd5 18. Rfe1 Be6 19. Nd4 Rac8 20. Re3 Ne5 21. Nb5 Nc4 22. Rd3 a6 23. Nd4 Nb2 24. Re3 Na4 25. Ne2 Bg4 26. Rxe8+ Rxe8 27. Nf4 Nxc3 28. Nxd5 Nxd5 29. Bxd5 Rb8 30. Rb1 b5 31. c4 Bf5 32. Rb4 Bd7 33. cxb5 Rxb5 34. Rxb5 axb5 35. Kf1 Kf8 36. Ke2 Be6 37. Bxe6 fxe6 38. Kd3 Ke7 39. Kc3 Kd6 40. Kb4 Kc6 41. a3 Kb6 42. f3 e5 43. g4 Kc6 44. h3 Kb6 45. h4 h6 46. h5 Kc6 47. Ka5 Kc5 48. Ka6 b4 49. axb4+ Kxb4 50. Kb6 Kc3 51. Kc6 Kd3 52. Kd6 Ke3 53. Ke6 Kxf3 54. Kxf6 e4 55. Kg6 e3 56. Kxh6 e2 57. g5 e1Q 58. g6 Qe8 59. Kh7 Kg4 60. g7 Qxh5+ 61. Kg8 Kf5 62. Kf8 Qh6 63. Kf7 Qf6+ 64. Ke8 Qxg7 0-1

[Event "BCF-ch Week2 PM op"]
[Site "Coventry"]
[Date "2015.08.03"]
[Round "1"]
[White "French, Max"]
[Black "Hussain, Adam"]
[Result "1-0"]
[WhiteElo "1790"]
[BlackElo "1187"]
[PlyCount "77"]
[EventDate "2015.08.03"]
[EventType "swiss"]
[EventRounds "5"]
[EventCountry "ENG"]
[SourceTitle "CBM 167 Extra"]
[Source "ChessBase"]
[SourceDate "2015.09.14"]
[SourceVersion "1"]
[SourceVersionDate "2015.09.14"]
[SourceQuality "1"]

1. d4 c5 2. d5 d6 3. c4 e6 4. Nc3 Nf6 5. e4 Qa5 6. Bd3 Be7 7. Nf3 0-0 8. 0-0 Qc7 9. Qc2 Na6 10. a3 Nd7 11. dxe6 fxe6 12. Bg5 Rxf3 13. Bxe7 Rf7 14. Nb5 Qc6 15. Bxd6 e5 16. Qc3 Nb6 17. Bxe5 Qg6 18. Bg3 Na4 19. Qc2 Nb6 20. Nd6 Rd7 21. e5 Qh6 22. Rae1 Re7 23. f4 Be6 24. f5 Bf7 25. f6 gxf6 26. Nf5 Qf8 27. Nxe7+ Qxe7 28. Bh4 Qd7 29. Bxh7+ Kf8 30. e6 Qd4+ 31. Bf2 Qxc4 32. Qxc4 Nxc4 33. exf7 Kxf7 34. Bh4 Kg7 35. Re7+ Kh6 36. Rxf6+ Kh5 37. Rg7 Nxb2 38. g4+ Kxh4 39. Rh6# 1-0